Normal view
MARC view
Entry Personal Name
001 - CONTROL NUMBER
- control field: 2979
003 - CONTROL NUMBER IDENTIFIER
- control field: OSt
005 - DATE AND TIME OF LATEST TRANSACTION
- control field: 20220427112913.0
008 - FIXED-LENGTH DATA ELEMENTS
- fixed length control field: 220427|| aca||aabn | a|a d
040 ## - CATALOGING SOURCE
- Original cataloging agency: OSt
- Transcribing agency: OSt
100 ## - HEADING--PERSONAL NAME
- Personal name: Dvořák, Pavel,
- Dates associated with a name: 1937-2018
670 ## - SOURCE DATA FOUND
- Source citation: Work cat.: (OSt)0: Dvořák, Pavel, 1937-2018 aut, Stopy dávnej minulosti 9 Posledný Turek. Stavovské povstanie a koniec osmanských vojen, 2018